000 00194nam a2200097Ia 4500
008 190216s9999||||xx |||||||||||||| ||und||
100 _aV K N
245 0 _aManchal
260 _bNull
942 _cBK
999 _c23740
_d23740